|
|
|
|
| LEADER |
00000nim a2200000 a 4500 |
| 001 |
vtls010651644 |
| 003 |
SK-MaSNL |
| 005 |
20260301035225.0 |
| 007 |
sd fsngnnmmned |
| 008 |
160430p2008 xr nnnn d n cze |
| 028 |
0 |
1 |
|a 16 2044-2
|b Supraphon Music
|
| 040 |
|
|
|a SNK
|b slo
|c SNK
|e AACR2
|
| 041 |
0 |
|
|d cze
|
| 044 |
|
|
|a xr
|c CZ
|
| 072 |
|
7 |
|a 821.162.3
|x Česká literatúra
|2 konspekt
|
| 080 |
|
|
|a 821.162.3-2
|2 2011
|
| 080 |
|
|
|a (0:82-22)
|2 2011
|
| 080 |
|
|
|a (0:82-2)
|2 2011
|
| 080 |
|
|
|a (086.76)
|2 2011
|
| 100 |
1 |
|
|a Cimrman, Jára da
|4 aut
|9 104187
|
| 245 |
1 |
0 |
|a Akt
|h zvukový záznam
|b rodinné drama
|c Cimrman, Svěrák
|
| 260 |
|
|
|a Praha
|b Supraphon Music
|c 2008
|
| 300 |
|
|
|a 1 zvuková platňa (74:45)
|b digitál., stereo.
|c 12 cm
|
| 306 |
|
|
|a 011445
|
| 500 |
|
|
|a Kompaktná platňa (AAD)
|
| 500 |
|
|
|a Divadelná réžia Ladislav Smoljak
|
| 505 |
0 |
|
|a Seminář O životě a díle Járy Cimrmana / Ladislav Smoljak, Zdeněk Svěrák, Jiří Šebánek -- Akt
|
| 511 |
0 |
|
|a Účinkujú: Miloň Čepelka, Jaroslav Weigel, Ladislav Smoljak, Jan Hraběta, Zdeněk Svěrák
|
| 518 |
|
|
|a Nahrané 26.-27. júna 1991 v Divadle Járy Cimrmana
|
| 655 |
|
7 |
|a české drámy
|2 SNKPH
|9 82491
|
| 655 |
|
7 |
|a divadelné komédie
|2 SNKPH
|9 186013
|
| 655 |
|
7 |
|a divadelné hry
|2 SNKPH
|9 70577
|
| 655 |
|
7 |
|a kompaktné platne
|2 SNKPH
|9 70690
|
| 700 |
1 |
|
|a Svěrák, Zdeněk,
|d 1936-
|4 aut
|4 prf
|9 105599
|
| 700 |
1 |
|
|a Smoljak, Ladislav,
|d 1931-2010
|4 prf
|4 aut
|4 drt
|9 113914
|
| 740 |
0 |
2 |
|a O životě a díle Járy Cimrmana
|
| 999 |
|
|
|c 583521
|d 585451
|
| 952 |
|
|
|a SNK
|b SNK
|y PREZ
|7 0
|p 17A1136181
|o snkICD 1107
|i snk2015/3521
|8 1
|0 0
|1 0
|4 0
|d 2015-02-03
|l 0
|r 2026-02-23 14:59:37
|w 2026-02-23
|